Житие св. Григория просветителя Армении по арабской синайской рукописи, 455 (Запись № 1728393)

Подробности
000 -МАРКЕР
контрольное поле 02744nam0a2200505 4500
001 - ИДЕНТИФИКАТОР ЗАПИСИ
контрольное поле RU\NLR\bibl\1493620
005 - ИДЕНТИФИКАТОР ВЕРСИИ
контрольное поле 20260405200435.0
010 ## - МЕЖДУНАРОДНЫЙ СТАНДАРТНЫЙ НОМЕР КНИГИ (ISBN)
Номер (ISBN) 978-5-93660-070-8
Уточнения ИВ НАН Армении
010 ## - МЕЖДУНАРОДНЫЙ СТАНДАРТНЫЙ НОМЕР КНИГИ (ISBN)
Номер (ISBN) 978-5-89282-384-5
Тираж 120
Уточнения ИВ РАН
021 ## - НОМЕР ГОСУДАРСТВЕННОЙ РЕГИСТРАЦИИ
Код страны Российская Федерация
Номер 2010-9406
Номер Листа государственной регистраци 616
035 ## - ДРУГИЕ СИСТЕМНЫЕ НОМЕРА
Идентификатор записи (nilc)RSL-KNO-004580877
035 ## - ДРУГИЕ СИСТЕМНЫЕ НОМЕРА
Идентификатор записи (NLR Aleph) 001485154
100 ## - ДАННЫЕ ОБЩЕЙ ОБРАБОТКИ
Данные общей обработки 20100212d2009 |||y0rusy50 ca
101 1# - ЯЗЫК РЕСУРСА
Язык текста, звукозаписи и т.д. русский
-- английский
-- арабский
102 ## - СТРАНА ПУБЛИКАЦИИ ИЛИ ПРОИЗВОДСТВА
Страна публикации Российская Федерация
-- Армения
105 ## - ПОЛЕ КОДИРОВАННЫХ ДАННЫХ: ТЕКСТОВЫЕ МАТЕРИАЛЫ, МОНОГРАФИЧЕСКИЕ
Кодированные данные о монографическом текстовом документе y zzzz|||||
200 1# - ЗАГЛАВИЕ И СВЕДЕНИЯ ОБ ОТВЕТСТВЕННОСТИ
Основное заглавие Житие св. Григория просветителя Армении по арабской синайской рукописи, 455
Параллельное заглавие The life of st. Gregory the illuminator of Armenia in ms. sin. ar., 455
Первые сведения об ответственности А.С. Жамкочян
Последующие сведения об ответственности Нац. акад. наук Респ. Армения, Ин-т востоковедения [и др.]
Язык параллельного заглавия английский
210 ## - ПУБЛИКАЦИЯ, РАСПРОСТРАНЕНИЕ И ДР.
Место издания, распространения и т.д. Ереван
-- Москва
Имя издателя, распространителя и т. д. науч.-изд. отд. Института востоковедения РАН
Дата издания, распространения и т.д. 2009
215 ## - ФИЗИЧЕСКАЯ ХАРАКТЕРИСТИКА
Специфическое обозначение материала и объем 27 с.
Размеры 21
300 ## - ОБЩИЕ ПРИМЕЧАНИЯ
Текст примечания Авт. также на англ. яз.: Haroutun S. Jamgotchian
300 ## - ОБЩИЕ ПРИМЕЧАНИЯ
Текст примечания В надзаг. также: Рос. акад. наук, Ин-т востоковедения, Междунар. обществ. орг. "Центр стратег. и полит. исслед."
300 ## - ОБЩИЕ ПРИМЕЧАНИЯ
Текст примечания Текст на рус., англ. и араб. яз.
320 ## - ПРИМЕЧАНИЯ О НАЛИЧИИ В ДОКУМЕНТЕ БИБЛИОГРАФИИ / УКАЗАТЕЛЯ
Текст примечания Библиогр.: с. 27 и в подстроч. примеч.
320 ## - ПРИМЕЧАНИЯ О НАЛИЧИИ В ДОКУМЕНТЕ БИБЛИОГРАФИИ / УКАЗАТЕЛЯ
Текст примечания Указ. собств. имен и геогр. назв.: с. 24-25
500 10 - УНИФИЦИРОВАННОЕ ЗАГЛАВИЕ
Связь между полями z11702
Унифицированное заглавие История Армении
510 1# - ПАРАЛЛЕЛЬНОЕ ЗАГЛАВИЕ
Связь между полями z11790
Параллельное заглавие Life of st. Gregory the illuminator of Armenia in ms. sin. ar. 455
Язык заглавия английский
600 #0 - ИМЯ ЛИЦА КАК ПРЕДМЕТ
Начальный элемент ввода Григорий Просветитель
Даты ок. 239 - ок. 325
Системный номер авторитетной/нормативной записи 2596889
Идентификатор авторитетной/нормативной записи RU\NLR\auth\661534344
686 ## - ИНДЕКСЫ ДРУГИХ КЛАССИФИКАЦИЙ
Индекс Ч611.53(0)42-5,0
Код системы
686 ## - ИНДЕКСЫ ДРУГИХ КЛАССИФИКАЦИЙ
Индекс Т3(2Ар)41,012
Код системы
686 ## - ИНДЕКСЫ ДРУГИХ КЛАССИФИКАЦИЙ
Индекс Э373.1-574.8
700 #1 - ИМЯ ЛИЦА - ПЕРВИЧНАЯ ОТВЕТСТВЕННОСТЬ
Код отношения Автор
Графика поля Кириллица
Материалы, к которым относится поле rus
Начальный элемент ввода Жамкочян
Часть имени, кроме начального элемента ввода А. С.
Даты 1934-
Расширение инициалов личного имени Арутюн Сизефрович
Системный номер авторитетной/нормативной записи 70981
Идентификатор авторитетной/нормативной записи RU\NLR\auth\7788053
702 #0 - ИМЯ ЛИЦА - ВТОРИЧНАЯ ОТВЕТСТВЕННОСТЬ
Код отношения Прочие
Графика поля Кириллица
Материалы, к которым относится поле rus
Начальный элемент ввода Агафангел
Даты 5 в.
Системный номер авторитетной/нормативной записи 51471
Идентификатор авторитетной/нормативной записи RU\NLR\auth\7768543
702 #0 - ИМЯ ЛИЦА - ВТОРИЧНАЯ ОТВЕТСТВЕННОСТЬ
Код отношения Прочие
Графика поля Кириллица
Материалы, к которым относится поле rus
Начальный элемент ввода Григорий Просветитель
Дополнения к именам, кроме дат католикос всех армян
Даты ок.240-ок.325
Системный номер авторитетной/нормативной записи 70991
Идентификатор авторитетной/нормативной записи RU\NLR\AUTH\7788063
790 #1 - ИМЯ ЛИЦА - АЛЬТЕРНАТИВНАЯ ФОРМА
Код отношения Автор
Графика поля Латинская
Материалы, к которым относится поле rus
Начальный элемент ввода Žamkočjan
Часть имени, кроме начального элемента ввода A. S.
Даты 1934-
Расширение инициалов личного имени Arutjun Sizefrovič
Системный номер авторитетной/нормативной записи 70987
Идентификатор авторитетной/нормативной записи RU\NLR\auth\7788059
801 #0 - ИСТОЧНИК ЗАПИСИ
Страна Российская Федерация
Организация РГБ
Дата составления 20100212
Правила каталогизации rcr
801 #1 - ИСТОЧНИК ЗАПИСИ
Страна Российская Федерация
Организация РГБ
Дата составления 20100212
801 #2 - ИСТОЧНИК ЗАПИСИ
Страна Российская Федерация
Организация NLR
Дата составления 20100402
Правила каталогизации rcr
852 ## - МЕСТОНАХОЖДЕНИЕ И ШИФР ХРАНЕНИЯ
Идентификатор организации NLR
Наименование фонда или коллекции (Sub-Location Identifier) ОЛСАА-араб
Шифр хранения (Call Number) 3-5486
942 ## - ДОПОЛНИТЕЛЬНЫЕ ЭЛЕМЕНТЫ ЗАПИСИ (АБИС)
Тип экземпляра АБИС Книга
980 ## - КОЛЛЕКЦИЯ
Название коллекции Национальная библиография
980 1# - КОЛЛЕКЦИЯ
Название коллекции ОЛСАА Арабский
Экземпляры
Тип экземпляра Дата поступления Источник поступления Библиотека постоянного хранения Библиотека текущего хранения Место хранения Шифр хранения Штрих-код Статус экземпляра
Книга 02.04.2010 Обязательный экземпляр РНБ (Московский) РНБ (Московский) Фонд литературы на языках стран Азии и Африки, подручный ОЛСАА 3139844  
Книга 02.04.2010 Обязательный экземпляр РНБ (Московский) РНБ (Московский) Фонд литературы на языках стран Азии и Африки ОЛСАА-араб 3-5486 3139845